000
003070000a22001210004500
020
_a
958-677-165-2
100
1
_a
Rodriguez, Elsa
245
1
0
_a
Pimpones de Color : Disfraces, máscaras y Maquillaje / Elsa Rodriguez
260
_a
Bogotá : Zamora
300
_a
77 P.
440
0
_a
Col. Mi Jardin
001
907
999
_c
48096
_d
48096